[Event "Florianopolis op 4th"]
[Site "Florianopolis"]
[Date "2018.01.24"]
[Round "8"]
[White "Fascetti, Angelo de Leon Cult"]
[Black "Yoshioka, Andre"]
[Result "1-0"]
[WhiteElo "2155"]
[BlackElo "1947"]
[PlyCount "22"]
[EventDate "2018.01.19"]
[EventType "swiss"]
[EventRounds "10"]
[EventCountry "BRA"]
[SourceTitle "EXT 2019"]
[Source "ChessBase"]
[SourceDate "2018.10.10"]
[SourceVersion "1"]
[SourceVersionDate "2018.10.10"]
[SourceQuality "1"]

1. d4 Nf6 2. Bf4 e6 3. e3 c5 4. c3 d5 5. Nd2 Nc6 6. Ngf3 Bd6 7. Bg3 0-0 8. Bd3 Qe7 9. Ne5 Qc7 10. f4 c4 11. Bc2 b5 1-0

[Event "Florianopolis op 4th"]
[Site "Florianopolis"]
[Date "2018.01.22"]
[Round "6"]
[White "Menna Barreto, Felipe Kubiaki"]
[Black "Yoshioka, Andre"]
[Result "1-0"]
[WhiteElo "2293"]
[BlackElo "1947"]
[PlyCount "51"]
[EventDate "2018.01.19"]
[EventType "swiss"]
[EventRounds "10"]
[EventCountry "BRA"]
[SourceTitle "EXT 2019"]
[Source "ChessBase"]
[SourceDate "2018.10.10"]
[SourceVersion "1"]
[SourceVersionDate "2018.10.10"]
[SourceQuality "1"]

1. d4 Nf6 2. Nf3 e6 3. Bf4 c5 4. e3 d5 5. Nbd2 Nc6 6. c3 Bd6 7. Bg3 0-0 8. Bb5 Ne7 9. Bd3 Nf5 10. Bxd6 Qxd6 11. Ne5 Nd7 12. Bxf5 exf5 13. Nxd7 Bxd7 14. dxc5 Qxc5 15. 0-0 Be6 16. Nb3 Qc7 17. Nd4 f4 18. Re1 fxe3 19. Rxe3 Qd7 20. Qe2 Bg4 21. f3 Bh5 22. Re7 Qc8 23. Qe5 Bg6 24. Re1 Rd8 25. Rc7 Qb8 26. Ne6 1-0

[Event "BRA-ch sf Reg1 84th"]
[Site "Sao Paulo"]
[Date "2017.12.08"]
[Round "3"]
[White "Aranha Filho, Alvaro Zimmermann"]
[Black "Yoshioka, Andre"]
[Result "1-0"]
[WhiteElo "2329"]
[BlackElo "2035"]
[PlyCount "55"]
[EventDate "2017.12.07"]
[EventType "swiss"]
[EventRounds "7"]
[EventCountry "BRA"]
[SourceTitle "CBM 182 Extra"]
[Source "ChessBase"]
[SourceDate "2018.02.23"]
[SourceVersion "1"]
[SourceVersionDate "2018.02.23"]
[SourceQuality "1"]

1. e4 c5 2. Nf3 Nc6 3. Nc3 e6 4. d4 cxd4 5. Nxd4 Nf6 6. Be2 Bb4 7. 0-0 0-0 8. Nxc6 bxc6 9. e5 Nd5 10. Ne4 f5 11. Ng5 Be7 12. Nf3 Kh8 13. c4 Nc7 14. Nd4 c5 15. Nb3 d5 16. exd6 Qxd6 17. Qxd6 Bxd6 18. Rd1 Be5 19. Nxc5 Rb8 20. Rb1 Na6 21. Nxa6 Bxa6 22. b3 Bb7 23. Be3 f4 24. Bxa7 Ra8 25. Bc5 Rfc8 26. Bd6 Bxd6 27. Rxd6 Rxa2 28. Rbd1 1-0

[Event "BRA-ch Amateur U2200"]
[Site "Sao Paulo"]
[Date "2017.10.15"]
[Round "7"]
[White "Moreira, Ronaldo Alonso"]
[Black "Yoshioka, Andre"]
[Result "1/2-1/2"]
[WhiteElo "2043"]
[BlackElo "1947"]
[PlyCount "29"]
[EventDate "2017.10.12"]
[EventType "swiss"]
[EventRounds "7"]
[EventCountry "BRA"]
[SourceTitle "EXT 2019"]
[Source "ChessBase"]
[SourceDate "2018.10.10"]
[SourceVersion "1"]
[SourceVersionDate "2018.10.10"]
[SourceQuality "1"]

1. d4 Nf6 2. c4 e6 3. Nc3 Bb4 4. e3 0-0 5. Nge2 d5 6. a3 Bd6 7. Ng3 c5 8. dxc5 Bxc5 9. b4 Be7 10. Bb2 Nc6 11. Be2 a6 12. 0-0 dxc4 13. Bxc4 Qc7 14. Qe2 b5 15. Ba2 1/2-1/2

[Event "BRA-ch U16"]
[Site "Itajai"]
[Date "2017.06.03"]
[Round "4"]
[White "Katscher, Gabriel Angelo Fing"]
[Black "Yoshioka, Andre"]
[Result "0-1"]
[WhiteElo "1678"]
[BlackElo "1942"]
[PlyCount "76"]
[EventDate "2017.06.01"]
[EventType "swiss"]
[EventRounds "6"]
[EventCountry "BRA"]
[SourceTitle "CBM 179 Extra"]
[Source "ChessBase"]
[SourceDate "2017.08.23"]
[SourceVersion "1"]
[SourceVersionDate "2017.08.23"]
[SourceQuality "1"]

1. e4 c5 2. Nf3 a6 3. Nc3 e6 4. d4 cxd4 5. Nxd4 b5 6. a3 Bb7 7. Bd3 d6 8. 0-0 Nf6 9. Bd2 Be7 10. Qe2 Nbd7 11. Rae1 Qc7 12. Kh1 Nc5 13. f4 Nfd7 14. b4 Nxd3 15. cxd3 Bf6 16. Qf2 0-0 17. Nce2 e5 18. Rc1 Qb6 19. Nb3 Qxf2 20. Rxf2 Rac8 21. Na5 Ba8 22. f5 d5 23. Nc3 Nb6 24. Nb3 dxe4 25. dxe4 Nc4 26. Rc2 Nxa3 27. Ra2 Nc4 28. Nc5 a5 29. Nxb5 Nxd2 30. Rfxd2 axb4 31. Rdc2 b3 32. Nxb3 Bxe4 33. Rxc8 Rxc8 34. Nd6 Rd8 35. Rd2 Ba8 36. Kg1 Bg5 37. Nc4 Bxd2 38. Nbxd2 Rd4 0-1

[Event "Sao Paulo op-B U2050 6th"]
[Site "Sao Paulo"]
[Date "2017.04.16"]
[Round "6"]
[White "Cardozo, Matheus Santos"]
[Black "Yoshioka, Andre"]
[Result "1-0"]
[WhiteElo "1843"]
[BlackElo "1919"]
[PlyCount "121"]
[EventDate "2017.04.14"]
[EventType "swiss"]
[EventRounds "6"]
[EventCountry "BRA"]
[SourceTitle "EXT 2019"]
[Source "ChessBase"]
[SourceDate "2018.10.10"]
[SourceVersion "1"]
[SourceVersionDate "2018.10.10"]
[SourceQuality "1"]

1. d4 Nf6 2. c4 e6 3. Nc3 Bb4 4. Qc2 0-0 5. Bg5 c5 6. Nf3 h6 7. Bh4 d5 8. e3 Nbd7 9. Be2 Qa5 10. 0-0 cxd4 11. Nxd4 Bxc3 12. bxc3 dxc4 13. Bxc4 Qh5 14. Bg3 e5 15. Be2 Qg6 16. Qxg6 fxg6 17. Ne6 Rf7 18. Nc7 Rb8 19. Bc4 a6 20. Rfd1 b5 21. Bxf7+ Kxf7 22. Nd5 Ne8 23. Nb4 Rb6 24. e4 a5 25. Nd5 Rc6 26. Rab1 Nef6 27. Nxf6 gxf6 28. Rxb5 Nc5 29. f3 Na4 30. Be1 Ba6 31. Rxa5 Nb2 32. Rb1 Nd3 33. Bd2 Nc5 34. Be3 Nd7 35. Kf2 h5 36. Rd1 Ke6 37. Rad5 Bc8 38. R5d3 Ra6 39. R1d2 f5 40. exf5+ gxf5 41. g3 h4 42. Kg2 hxg3 43. hxg3 Rc6 44. Rd1 Ra6 45. R3d2 Rc6 46. Rc2 Ba6 47. Rh1 Nf6 48. Rh6 f4 49. gxf4 exf4 50. Bd4 Ke7 51. Rxf6 Rxf6 52. Bxf6+ Kxf6 53. Rb2 Ke5 54. Rb6 Bd3 55. a4 Kd5 56. a5 Kc5 57. Rf6 Kb5 58. a6 Bc4 59. a7 Bd5 60. Rf5 Kc4 61. Rxd5 1-0

[Event "Sao Paulo op-B U2050 6th"]
[Site "Sao Paulo"]
[Date "2017.04.14"]
[Round "1"]
[White "Yoshioka, Andre"]
[Black "Maciel, Felipe Eduardo Ribe"]
[Result "1-0"]
[WhiteElo "1919"]
[BlackElo "1739"]
[PlyCount "56"]
[EventDate "2017.04.14"]
[EventType "swiss"]
[EventRounds "6"]
[EventCountry "BRA"]
[SourceTitle "EXT 2019"]
[Source "ChessBase"]
[SourceDate "2018.10.10"]
[SourceVersion "1"]
[SourceVersionDate "2018.10.10"]
[SourceQuality "1"]

1. d4 d5 2. c4 c6 3. Nf3 Nf6 4. Qc2 e6 5. Nbd2 Be7 6. g3 Nbd7 7. Bg2 c5 8. 0-0 b6 9. cxd5 Nxd5 10. a3 Bb7 11. e4 N5f6 12. e5 Nd5 13. dxc5 Rc8 14. Ne4 Nxc5 15. Nxc5 Bxc5 16. Qe2 0-0 17. Rd1 h6 18. Bd2 a6 19. Rac1 b5 20. Ne1 f5 21. Nd3 Bb6 22. Nb4 Qd7 23. Nxd5 Bxd5 24. Bxd5 Qxd5 25. Rxc8 Rxc8 26. Bxh6 Qxd1+ 27. Qxd1 gxh6 28. Qd7 Rc1+ 1-0

[Event "Florianopolis op 3rd"]
[Site "Florianopolis"]
[Date "2017.01.26"]
[Round "10"]
[White "Yoshioka, Andre"]
[Black "Leszczynski, Taynara"]
[Result "1-0"]
[WhiteElo "1885"]
[BlackElo "1676"]
[PlyCount "65"]
[EventDate "2017.01.20"]
[EventType "swiss"]
[EventRounds "10"]
[EventCountry "BRA"]
[SourceTitle "CBM 176 Extra"]
[Source "ChessBase"]
[SourceDate "2017.03.02"]
[SourceVersion "1"]
[SourceVersionDate "2017.03.02"]
[SourceQuality "1"]

1. d4 d5 2. c4 c6 3. Nf3 dxc4 4. e3 b5 5. a4 a6 6. b3 Bb7 7. axb5 cxb5 8. bxc4 bxc4 9. Bxc4 e6 10. 0-0 Nf6 11. Nbd2 Be7 12. Qb3 Qc7 13. Rb1 Bd5 14. Bxd5 Nxd5 15. Nc4 Nd7 16. Bd2 0-0 17. Ba5 Qa7 18. Qd3 Rab8 19. Nce5 Rxb1 20. Rxb1 Nxe5 21. Nxe5 Rc8 22. g3 f6 23. Nf3 Bd8 24. Bxd8 Rxd8 25. Qc4 Rd7 26. Qc8+ Kf7 27. Rb8 Re7 28. Nh4 Qxb8 29. Qxb8 Nc7 30. Nf3 h6 31. Nd2 Nb5 32. Ne4 Nc7 33. Qd8 1-0

[Event "Florianopolis op 3rd"]
[Site "Florianopolis"]
[Date "2017.01.22"]
[Round "4"]
[White "Yoshioka, Andre"]
[Black "Hoshino, Meilin"]
[Result "1-0"]
[WhiteElo "1885"]
[BlackElo "1356"]
[PlyCount "55"]
[EventDate "2017.01.20"]
[EventType "swiss"]
[EventRounds "10"]
[EventCountry "BRA"]
[SourceTitle "CBM 176 Extra"]
[Source "ChessBase"]
[SourceDate "2017.03.02"]
[SourceVersion "1"]
[SourceVersionDate "2017.03.02"]
[SourceQuality "1"]

1. d4 d5 2. Nf3 Nf6 3. c4 dxc4 4. e3 e6 5. Bxc4 c5 6. 0-0 Nc6 7. Qe2 a6 8. a4 Qc7 9. Nc3 cxd4 10. exd4 Ng4 11. Rd1 Be7 12. h3 Nf6 13. Bg5 0-0 14. Rac1 h6 15. Bh4 b6 16. d5 Nd8 17. d6 Bxd6 18. Bxf6 gxf6 19. Ne4 Bc5 20. Nxf6+ Kg7 21. Nh5+ Kg8 22. b4 Bxf2+ 23. Qxf2 Qb8 24. Qd4 e5 25. Nxe5 Ra7 26. Nd7 Ne6 27. Bxe6 fxe6 28. Qg7# 1-0

[Event "Paulista-ch"]
[Site "Sao Paulo"]
[Date "2016.11.??"]
[Round "5"]
[White "Simi, Luiz Guilherme Silv"]
[Black "Yoshioka, Andre"]
[Result "0-1"]
[WhiteElo "1655"]
[BlackElo "1895"]
[PlyCount "84"]
[EventDate "2016.11.09"]
[EventType "swiss"]
[EventRounds "6"]
[EventCountry "BRA"]
[SourceTitle "EXT 2022"]
[Source "ChessBase"]
[SourceDate "2021.10.06"]
[SourceVersion "1"]
[SourceVersionDate "2021.10.06"]
[SourceQuality "1"]

1. d4 Nf6 2. c4 e6 3. Nc3 Bb4 4. e3 0-0 5. Bd3 d5 6. Qc2 c5 7. a3 Bxc3+ 8. bxc3 Qc7 9. Nf3 Nbd7 10. 0-0 b6 11. cxd5 exd5 12. Nd2 Bb7 13. f3 cxd4 14. cxd4 Qxc2 15. Bxc2 Rac8 16. Bf5 Rfe8 17. Re1 g6 18. Bb1 Nb8 19. Bb2 Re7 20. Kf2 Rce8 21. Bd3 Ba6 22. Bxa6 Nxa6 23. Rac1 Nh5 24. g4 Ng7 25. e4 Nc7 26. Re2 Nge6 27. exd5 Nxd5 28. Rce1 Nef4 29. Rxe7 Nd3+ 30. Kf1 Nxe7 31. Rb1 Nd5 32. Ne4 f5 33. gxf5 gxf5 34. Nd6 Re3 35. Nxf5 Rxf3+ 36. Ke2 Rh3 37. Ba1 N3f4+ 38. Kf2 Rxh2+ 39. Kg3 Rh3+ 40. Kg4 h5+ 41. Kg5 Kh7 42. Rf1 Ne6# 0-1

[Event "Paulista-ch"]
[Site "Sao Paulo"]
[Date "2016.11.??"]
[Round "3"]
[White "Yoshioka, Andre"]
[Black "Auriemo, Danielle Ferreira"]
[Result "1/2-1/2"]
[WhiteElo "1895"]
[BlackElo "1646"]
[PlyCount "109"]
[EventDate "2016.11.09"]
[EventType "swiss"]
[EventRounds "6"]
[EventCountry "BRA"]
[SourceTitle "EXT 2022"]
[Source "ChessBase"]
[SourceDate "2021.10.06"]
[SourceVersion "1"]
[SourceVersionDate "2021.10.06"]
[SourceQuality "1"]

1. d4 d5 2. c4 c6 3. Nf3 Nf6 4. Qc2 g6 5. Nbd2 Bg7 6. e3 0-0 7. Bd3 Nbd7 8. 0-0 Re8 9. Rd1 e5 10. dxe5 Nxe5 11. Nxe5 Rxe5 12. Nf3 Re8 13. h3 Qe7 14. b3 dxc4 15. Bxc4 Bf5 16. Qe2 Ne4 17. Bb2 Nc3 18. Bxc3 Bxc3 19. Rac1 Bg7 20. Nd4 Bd7 21. Qc2 Rad8 22. Bf1 Qf6 23. Rd2 Bh6 24. Qc3 Qg5 25. Nf3 Qe7 26. Rcd1 Be6 27. Bc4 Bg7 28. Qc1 Rxd2 29. Rxd2 Bc8 30. a4 Qf6 31. Qd1 a6 32. Rd6 Qe7 33. b4 Bf8 34. Rd4 b5 35. Bb3 Kg7 36. Rf4 f5 37. Rd4 c5 38. bxc5 Qxc5 39. Rd5 Qb6 40. Qa1+ Kh6 41. Rd4 Re4 42. Rxe4 fxe4 43. Ne5 g5 44. Nf7+ Kg6 45. Ne5+ Kh6 46. Nf7+ Kg6 47. Qe5 Qf6 48. Qxe4+ Bf5 49. Qe8 Kg7 50. e4 Bg6 51. e5 Qe7 52. Qxe7 Bxe7 53. e6 bxa4 54. Bxa4 Bxf7 55. exf7 1/2-1/2

[Event "Sao Paulo Schutt Cup 10th"]
[Site "Sao Paulo"]
[Date "2016.10.29"]
[Round "3"]
[White "Nunes, Agatha Hurba"]
[Black "Yoshioka, Andre"]
[Result "0-1"]
[WhiteElo "1790"]
[BlackElo "1879"]
[PlyCount "76"]
[EventDate "2016.10.28"]
[EventType "swiss"]
[EventRounds "6"]
[EventCountry "BRA"]
[SourceTitle "CBM 175 Extra"]
[Source "ChessBase"]
[SourceDate "2016.12.12"]
[SourceVersion "1"]
[SourceVersionDate "2016.12.12"]
[SourceQuality "1"]

1. d4 Nf6 2. c4 e6 3. Nf3 Bb4+ 4. Bd2 Qe7 5. Qb3 Nc6 6. d5 exd5 7. cxd5 Bxd2+ 8. Nbxd2 Nb4 9. Qc4 Nbxd5 10. 0-0-0 d6 11. e4 Nb6 12. Qd4 0-0 13. Re1 Qd8 14. Bd3 Bg4 15. h3 Bh5 16. g4 Bg6 17. Nh2 Nfd7 18. f4 f6 19. Nhf3 Nc5 20. Bc2 Bf7 21. Kb1 Ne6 22. Qe3 Re8 23. Reg1 Nc5 24. g5 Nd5 25. Qf2 Nxf4 26. gxf6 Qxf6 27. Rg5 Ncd3 28. Qd4 Qxd4 29. Nxd4 Nc5 30. Rf5 Nce6 31. Nxe6 Nxe6 32. Rhf1 Bg6 33. R5f2 Nc5 34. Rg1 Nxe4 35. Nxe4 Bxe4 36. Bxe4 Rxe4 37. Rfg2 Re7 38. h4 Rae8 0-1

[Event "Sao Paulo-B U2050 op 5th"]
[Site "Sao Paulo"]
[Date "2016.10.16"]
[Round "6.7"]
[White "Yoshioka, Andre"]
[Black "Polonio, Rodolfo"]
[Result "1/2-1/2"]
[WhiteElo "1879"]
[BlackElo "1963"]
[PlyCount "58"]
[EventDate "2016.10.13"]
[EventType "swiss"]
[EventRounds "6"]
[EventCountry "BRA"]
[SourceTitle "EXT 2022"]
[Source "ChessBase"]
[SourceDate "2021.10.06"]
[SourceVersion "1"]
[SourceVersionDate "2021.10.06"]
[SourceQuality "1"]

1. d4 Nf6 2. c4 e6 3. g3 Bb4+ 4. Bd2 Qe7 5. Nf3 Nc6 6. Bg2 0-0 7. 0-0 a5 8. a3 Bxd2 9. Nbxd2 d6 10. e4 e5 11. d5 Nb8 12. Ne1 a4 13. Nd3 Nbd7 14. Qe2 b6 15. b4 axb3 16. Nxb3 Nc5 17. Nd2 Bg4 18. f3 Bd7 19. Nxc5 bxc5 20. Rfb1 Rfb8 21. Qd3 c6 22. Rxb8+ Rxb8 23. Rb1 Qf8 24. Qc2 cxd5 25. cxd5 g6 26. Nc4 Rxb1+ 27. Qxb1 Qa8 28. Qb6 Ne8 29. Bf1 Qa4 1/2-1/2

[Event "Sao Paulo-B U2050 op 5th"]
[Site "Sao Paulo"]
[Date "2016.10.14"]
[Round "2.7"]
[White "Yoshioka, Andre"]
[Black "Morimoto, Marcel"]
[Result "1-0"]
[WhiteElo "1879"]
[BlackElo "1458"]
[PlyCount "49"]
[EventDate "2016.10.13"]
[EventType "swiss"]
[EventRounds "6"]
[EventCountry "BRA"]
[SourceTitle "EXT 2022"]
[Source "ChessBase"]
[SourceDate "2021.10.06"]
[SourceVersion "1"]
[SourceVersionDate "2021.10.06"]
[SourceQuality "1"]

1. d4 e6 2. Nf3 d5 3. c4 f5 4. g3 Nf6 5. Bg2 c6 6. 0-0 Bd6 7. b3 Qe7 8. Bb2 0-0 9. Qc2 Nbd7 10. Ne5 Ne4 11. Nd2 Ndf6 12. f3 Ng5 13. c5 Bc7 14. a3 a5 15. Rae1 Bxe5 16. dxe5 Nd7 17. Bd4 f4 18. e3 fxe3 19. Rxe3 Rf5 20. f4 Ne4 21. Nxe4 dxe4 22. Bxe4 Rh5 23. Qc4 Kh8 24. Ref3 Nf8 25. Qe2 1-0

[Event "Caioba Telecom op"]
[Site "Caioba"]
[Date "2016.08.28"]
[Round "5"]
[White "Yoshioka, Andre"]
[Black "Colaco, Willian Wagner Soar"]
[Result "1-0"]
[WhiteElo "1877"]
[BlackElo "1608"]
[PlyCount "157"]
[EventDate "2016.08.26"]
[EventType "swiss"]
[EventRounds "6"]
[EventCountry "BRA"]
[SourceTitle "CBM 174 Extra"]
[Source "ChessBase"]
[SourceDate "2016.10.10"]
[SourceVersion "1"]
[SourceVersionDate "2016.10.10"]
[SourceQuality "1"]

1. d4 d5 2. c4 c6 3. Nf3 Nf6 4. cxd5 cxd5 5. Nc3 e6 6. e3 a6 7. Bd3 Bd6 8. 0-0 Nc6 9. e4 dxe4 10. Nxe4 h6 11. Re1 Nd5 12. Nxd6+ Qxd6 13. a3 b5 14. Bd2 Bb7 15. Rc1 Nf6 16. Be3 Ne7 17. h3 Ned5 18. Qe2 0-0 19. Bb1 Nf4 20. Bxf4 Qxf4 21. Qe5 Qxe5 22. dxe5 Bxf3 23. gxf3 Nd5 24. Rc6 Rfc8 25. Rec1 Ne7 26. Rc7 Rxc7 27. Rxc7 Nd5 28. Rc6 Ne7 29. Rd6 g6 30. Be4 Ra7 31. Kf1 Kg7 32. Ke2 Nc8 33. Rc6 Ne7 34. Rd6 Nc8 35. Rc6 Ne7 36. Rb6 Nd5 37. Bxd5 exd5 38. Rd6 Kf8 39. Rxd5 Ke7 40. Rd6 Rc7 41. Kd2 Rc5 42. f4 Rc4 43. Ke3 Rc2 44. b4 Rc3+ 45. Rd3 Rc6 46. Kf3 h5 47. Ke3 Ke6 48. f3 f6 49. exf6 Kxf6 50. Rd4 Rc3+ 51. Rd3 Rc6 52. Rd8 Rc3+ 53. Rd3 Rc6 54. h4 Kf5 55. Rd5+ Kf6 56. Rc5 Re6+ 57. Kd3 Rd6+ 58. Ke4 Ke6 59. f5+ Kf6 60. fxg6 Kxg6 61. f4 Re6+ 62. Re5 Rc6 63. f5+ Kf6 64. Rc5 Rd6 65. Rc7 Rb6 66. Rh7 Rb8 67. Rh6+ Kf7 68. Rxa6 Re8+ 69. Kf4 Rg8 70. Ke5 Re8+ 71. Re6 Rc8 72. Rb6 Rc4 73. Rxb5 Rxh4 74. Rb7+ Kf8 75. Kf6 Ke8 76. a4 Rc4 77. a5 h4 78. a6 Kd8 79. a7 1-0

[Event "Caioba Telecom op"]
[Site "Caioba"]
[Date "2016.08.27"]
[Round "4"]
[White "Santin, Thiago Cirino Sobri"]
[Black "Yoshioka, Andre"]
[Result "1/2-1/2"]
[WhiteElo "1641"]
[BlackElo "1877"]
[PlyCount "110"]
[EventDate "2016.08.26"]
[EventType "swiss"]
[EventRounds "6"]
[EventCountry "BRA"]
[SourceTitle "CBM 174 Extra"]
[Source "ChessBase"]
[SourceDate "2016.10.10"]
[SourceVersion "1"]
[SourceVersionDate "2016.10.10"]
[SourceQuality "1"]

1. c4 c5 2. Nc3 Nc6 3. g3 e5 4. Bg2 g6 5. Nf3 Bg7 6. d3 Nge7 7. 0-0 d6 8. e4 0-0 9. a3 a5 10. Bd2 h6 11. Nd5 Be6 12. b4 cxb4 13. axb4 Nxb4 14. Nxb4 axb4 15. Rxa8 Qxa8 16. Bxb4 Qb8 17. Qa4 Rd8 18. Ra1 Nc6 19. Bd2 f5 20. Nh4 Kh7 21. exf5 gxf5 22. Bxc6 bxc6 23. Qxc6 Qb2 24. Rd1 Qc2 25. Qf3 e4 26. Qh5 Kg8 27. dxe4 Bf7 28. Qe2 Bxc4 29. Qe1 fxe4 30. Nf5 Kh7 31. Nxg7 Kxg7 32. Rc1 Qd3 33. Rc3 Qd5 34. Qc1 Ba6 35. Bxh6+ Kg6 36. Rc7 Rg8 37. Qa1 Be2 38. Rg7+ Kf5 39. Rxg8 Qxg8 40. Qg7 Qxg7 41. Bxg7 Kg4 42. h4 d5 43. Kg2 Bd3 44. Bd4 Be2 45. Be3 Kh5 46. Bd4 Bg4 47. Kf1 Kg6 48. Ke1 Kf5 49. Kd2 Bf3 50. Ke3 Bh5 51. Bc3 Bd1 52. Bd4 Bf3 53. Bc3 Bd1 54. Bd4 Bf3 55. Bc3 Bd1 1/2-1/2

[Event "BRA-ch U16"]
[Site "Itajai"]
[Date "2016.06.12"]
[Round "6"]
[White "Mileski, Lucas de Souza"]
[Black "Yoshioka, Andre"]
[Result "0-1"]
[WhiteElo "1743"]
[BlackElo "1840"]
[PlyCount "46"]
[EventDate "2016.06.09"]
[EventType "swiss"]
[EventRounds "6"]
[EventCountry "BRA"]
[SourceTitle "CBM 172 Extra"]
[Source "ChessBase"]
[SourceDate "2016.06.21"]
[SourceVersion "1"]
[SourceVersionDate "2016.06.21"]
[SourceQuality "1"]

1. Nf3 c5 2. c4 Nc6 3. Nc3 e5 4. g3 g6 5. Bg2 Bg7 6. 0-0 Nge7 7. d3 d6 8. a3 a5 9. Ng5 h6 10. Nh3 0-0 11. Bd2 Be6 12. f4 f5 13. Rb1 Rb8 14. Nd5 b5 15. Nxe7+ Nxe7 16. cxb5 Rxb5 17. b4 cxb4 18. axb4 axb4 19. Rxb4 Qb6+ 20. Kh1 Rxb4 21. Bxb4 Qxb4 22. Qb1 Rb8 23. Qxb4 Rxb4 0-1

[Event "BRA-ch U16"]
[Site "Itajai"]
[Date "2016.06.10"]
[Round "3"]
[White "Yoshioka, Andre"]
[Black "Hille, Willian Henrique"]
[Result "1/2-1/2"]
[WhiteElo "1840"]
[BlackElo "1913"]
[PlyCount "85"]
[EventDate "2016.06.09"]
[EventType "swiss"]
[EventRounds "6"]
[EventCountry "BRA"]
[SourceTitle "CBM 172 Extra"]
[Source "ChessBase"]
[SourceDate "2016.06.21"]
[SourceVersion "1"]
[SourceVersionDate "2016.06.21"]
[SourceQuality "1"]

1. d4 f5 2. Nc3 Nf6 3. Bg5 g6 4. Bxf6 exf6 5. e3 d5 6. Nf3 c6 7. Bd3 Bd6 8. 0-0 0-0 9. Ne2 Be6 10. Nf4 Bf7 11. Nd2 Nd7 12. c4 dxc4 13. Bxc4 Bxf4 14. exf4 Nb6 15. Bxf7+ Rxf7 16. Nf3 Qd6 17. g3 Rd8 18. Qb3 Qd5 19. Qxd5 Rxd5 20. Rfe1 Kf8 21. Rac1 Re7 22. Kf1 Re4 23. Re3 Rb5 24. b3 Nd5 25. Rxe4 fxe4 26. Nd2 e3 27. fxe3 Nxe3+ 28. Ke2 Nf5 29. Kd3 Rd5 30. Nf3 Ne7 31. Rc5 Rd6 32. Rc2 Nd5 33. a3 Re6 34. Re2 Rd6 35. b4 Kf7 36. Nd2 Rd7 37. Ne4 b6 38. Rc2 Ne7 39. Nd2 h5 40. Nf3 Rd8 41. Rc1 Rd6 42. Rc2 Rd7 43. Rc1 1/2-1/2

[Event "BRA-ch Amateur U2000"]
[Site "Sao Paulo"]
[Date "2016.05.28"]
[Round "6"]
[White "Yoshioka, Andre"]
[Black "Da Silva Junior, Sediney Mari"]
[Result "1/2-1/2"]
[WhiteElo "1882"]
[BlackElo "1998"]
[PlyCount "69"]
[EventDate "2016.05.26"]
[EventType "swiss"]
[EventRounds "7"]
[EventCountry "BRA"]
[SourceTitle "EXT 2019"]
[Source "ChessBase"]
[SourceDate "2018.10.10"]
[SourceVersion "1"]
[SourceVersionDate "2018.10.10"]
[SourceQuality "1"]

1. d4 f5 2. Bg5 d5 3. e3 Nf6 4. Bxf6 exf6 5. Nf3 Be6 6. Bd3 Bd6 7. Nbd2 0-0 8. c4 c6 9. 0-0 f4 10. e4 Bg4 11. cxd5 cxd5 12. Qb3 Be6 13. exd5 Bf7 14. Qxb7 Nd7 15. Bf5 Nb6 16. Be6 Rb8 17. Qc6 Bb4 18. Rfd1 Nxd5 19. Rac1 Kh8 20. a3 Bxd2 21. Rxd2 g5 22. Qxd5 Qxd5 23. Bxd5 Bxd5 24. h3 Rb3 25. Rc5 Rd8 26. Ne1 Rd7 27. Nd3 Kg7 28. Nb4 Be4 29. f3 Bb7 30. d5 Kf7 31. Kf2 Re3 32. Ra5 Ba8 33. Re2 Rb3 34. Rc5 h5 35. Ra5 1/2-1/2

[Event "BRA-ch Amateur U2000"]
[Site "Sao Paulo"]
[Date "2016.05.27"]
[Round "4"]
[White "Yoshioka, Andre"]
[Black "Ribeiro, Allysson"]
[Result "1/2-1/2"]
[WhiteElo "1882"]
[BlackElo "1814"]
[PlyCount "140"]
[EventDate "2016.05.26"]
[EventType "swiss"]
[EventRounds "7"]
[EventCountry "BRA"]
[SourceTitle "EXT 2019"]
[Source "ChessBase"]
[SourceDate "2018.10.10"]
[SourceVersion "1"]
[SourceVersionDate "2018.10.10"]
[SourceQuality "1"]

1. d4 d5 2. c4 Nc6 3. Nc3 Nf6 4. cxd5 Nxd5 5. Nf3 Bg4 6. e4 Nxc3 7. bxc3 e5 8. d5 Nb8 9. Qa4+ Bd7 10. Qb3 b6 11. Bd3 Bd6 12. h3 0-0 13. 0-0 f5 14. exf5 Bxf5 15. Qc2 Qf6 16. Be3 Nd7 17. Ng5 h6 18. Bxf5 Qxf5 19. Qxf5 Rxf5 20. Ne4 Rf7 21. c4 Nf6 22. Nxf6+ Rxf6 23. Rac1 Bc5 24. Bxc5 bxc5 25. Rfe1 Re8 26. Re3 Ra6 27. Rc2 Kf7 28. Re4 Ra4 29. Rce2 g5 30. g3 Kf6 31. Kh2 Rd8 32. Rxe5 Rxc4 33. Re6+ Kg7 34. Re7+ Kf8 35. Rxc7 a5 36. Re5 Rc2 37. Rf5+ Kg8 38. Kg2 c4 39. d6 Rxd6 40. Rxa5 Rf6 41. Ra8+ Rf8 42. Rxf8+ Kxf8 43. a4 c3 44. a5 Ra2 45. Rxc3 Rxa5 46. Rc7 Kg8 47. g4 Ra2 48. Rc3 Kg7 49. Kg3 Ra4 50. h4 h5 51. f3 gxh4+ 52. Kxh4 hxg4 53. fxg4 Ra7 54. Rc6 Rb7 55. Kh5 Ra7 56. Rc5 Rb7 57. Kg5 Ra7 58. Kf5 Rf7+ 59. Ke4 Kg6 60. Rf5 Rb7 61. Kf4 Rb4+ 62. Kg3 Rb1 63. Rf2 Kg5 64. Rf5+ Kg6 65. Ra5 Rg1+ 66. Kh3 Rh1+ 67. Kg2 Rh4 68. Ra4 Kg5 69. Ra5+ Kf4 70. Ra4+ Kg5 1/2-1/2

[Event "Sao Paulo Freitas op 2nd"]
[Site "Sao Paulo"]
[Date "2016.04.17"]
[Round "6"]
[White "Nobre, Jailson Altair Barb"]
[Black "Yoshioka, Andre"]
[Result "1/2-1/2"]
[WhiteElo "1715"]
[BlackElo "1882"]
[PlyCount "143"]
[EventDate "2016.04.15"]
[EventType "swiss"]
[EventRounds "6"]
[EventCountry "BRA"]
[SourceTitle "EXT 2017"]
[Source "ChessBase"]
[SourceDate "2016.10.25"]
[SourceVersion "1"]
[SourceVersionDate "2016.10.25"]
[SourceQuality "1"]

1. c4 c5 2. Nc3 Nc6 3. g3 e5 4. Bg2 g6 5. Nf3 Bg7 6. 0-0 Nge7 7. a3 a5 8. Rb1 d6 9. Ne1 0-0 10. Nc2 Be6 11. Ne3 f5 12. Ned5 Rb8 13. d3 h6 14. b4 axb4 15. axb4 cxb4 16. Nxb4 Nxb4 17. Rxb4 d5 18. cxd5 Nxd5 19. Nxd5 Bxd5 20. Bxd5+ Qxd5 21. Qb3 Qxb3 22. Rxb3 b5 23. Ba3 Rf7 24. Rfb1 Rfb7 25. Bd6 Rd8 26. Bb4 Rdb8 27. Bc3 Kf7 28. f4 exf4 29. Bxg7 Kxg7 30. gxf4 g5 31. fxg5 hxg5 32. Rb4 Kf6 33. Rc1 Rb6 34. Rc5 Re8 35. Kf2 Re5 36. d4 Rxc5 37. dxc5 Rb8 38. c6 Rc8 39. Rxb5 Rxc6 40. Rb3 Ra6 41. h3 Re6 42. Rf3 Kg6 43. e3 Re5 44. Kg3 Kh5 45. Kf2 Rc5 46. Kg3 Ra5 47. Rf2 Re5 48. Rf3 g4 49. hxg4+ fxg4 50. Rf8 Rxe3+ 51. Kg2 Re6 52. Kg3 Rg6 53. Rf5+ Rg5 54. Rf8 Rg7 55. Rf5+ Rg5 56. Rf6 Ra5 57. Rf8 Ra3+ 58. Kg2 Ra2+ 59. Kg3 Ra3+ 60. Kg2 Ra6 61. Kg3 Ra1 62. Rh8+ Kg5 63. Rg8+ Kf5 64. Rf8+ Kg5 65. Rg8+ Kh6 66. Rxg4 Kh5 67. Rh4+ Kg5 68. Rg4+ Kf5 69. Rf4+ Ke5 70. Rf2 Ra3+ 71. Rf3 Rxf3+ 72. Kxf3 1/2-1/2